ARRUPE JESUIT UNIVERSITY

CORONAVIRUS -STOP THE SPREAD - CLEAN,DISINFECT,COVER

The church we want : (Record no. 131317)

MARC details
000 -LEADER
fixed length control field 01151cam a2200301 i 4500
001 - CONTROL NUMBER
control field 18957641
003 - CONTROL NUMBER IDENTIFIER
control field ARRUPE
005 - DATE AND TIME OF LATEST TRANSACTION
control field 20220421091001.0
008 - FIXED-LENGTH DATA ELEMENTS--GENERAL INFORMATION
fixed length control field 160201s2016 nyu b 001 0 eng
010 ## - LIBRARY OF CONGRESS CONTROL NUMBER
LC control number 2016003367
020 ## - INTERNATIONAL STANDARD BOOK NUMBER
International Standard Book Number 9781626982031 (pbk.)
040 ## - CATALOGING SOURCE
Original cataloging agency DLC
Language of cataloging eng
Transcribing agency DLC
Description conventions rda
Modifying agency DLC
042 ## - AUTHENTICATION CODE
Authentication code pcc
043 ## - GEOGRAPHIC AREA CODE
Geographic area code f------
050 00 - LIBRARY OF CONGRESS CALL NUMBER
Classification number BX1746
Item number .C5153 2016
082 00 - DEWEY DECIMAL CLASSIFICATION NUMBER
Classification number 282/.6
Edition number 23
300 ## - PHYSICAL DESCRIPTION
Dimensions 24 cm
245 04 - TITLE STATEMENT
Title The church we want :
Remainder of title African Catholics look to Vatican III /
Statement of responsibility, etc editor Agbonkhianmeghe E. Orobator.
260 ## - PUBLICATION, DISTRIBUTION, ETC. (IMPRINT)
Place of publication, distribution, etc Nairobi
Name of publisher, distributor, etc Action Publishers
Date of publication, distribution, etc 2016
300 ## - PHYSICAL DESCRIPTION
Extent xxxi, 272 pages ;
504 ## - BIBLIOGRAPHY, ETC. NOTE
Bibliography, etc Includes bibliographical references and index.
610 20 - SUBJECT ADDED ENTRY--CORPORATE NAME
Corporate name or jurisdiction name as entry element Catholic Church
Geographic subdivision Africa
Form subdivision Congresses.
9 (RLIN) 51362
650 #0 - SUBJECT ADDED ENTRY--TOPICAL TERM
Topical term or geographic name as entry element Church renewal
General subdivision Catholic Church
Form subdivision Congresses.
9 (RLIN) 51363
700 1# - ADDED ENTRY--PERSONAL NAME
Personal name Orobator, A. E.,
Relator term editor.
9 (RLIN) 8164
776 08 - ADDITIONAL PHYSICAL FORM ENTRY
Display text Online version:
Title Church we want
Place, publisher, and date of publication Maryknoll : Orbis Books, 2016
International Standard Book Number 9781608336685
Record control number (DLC) 2016012879
906 ## - LOCAL DATA ELEMENT F, LDF (RLIN)
a 7
b cbc
c orignew
d 1
e ecip
f 20
g y-gencatlg
942 ## - ADDED ENTRY ELEMENTS (KOHA)
Source of classification or shelving scheme Library of Congress Classification
Koha item type Monograph ( Printed materials)
Holdings
Withdrawn status Lost status Source of classification or shelving scheme Damaged status Not for loan Collection code Home library Current library Shelving location Date acquired Total Checkouts Full call number Barcode Date last seen Price effective from Koha item type
    Library of Congress Classification     Main Collection ARRUPE LIBRARY ARRUPE LIBRARY Main Collection 21/04/2022   BX1746 .C5153 2016 46600008693 21/04/2022 21/04/2022 Monograph ( Printed materials)

 

Arrupe Library. PO Box MP320 Mt Pleasant, Harare, Zimbabwe
263 242 745411|librarian@aju.ac.zw